000 00442nam a22001577a 4500
003 NUST - PNEC
005 20170116181041.0
008 150922b xxu||||| |||| 00| 0 eng d
040 _cLIBRARY
082 _a539.1 STE
100 _911584
_a Stephenson, Richard Montgomery
245 _aIntroduction to nuclear engineering
_cRichard Montgomery Stephenson
260 _cc 1958
650 _911098
_aNuclear engineering
_xEL
942 _2ddc
_cBK
999 _c68091
_d68091